LEADER 03450nam 22005053 450 001 9910888073603321 005 20251116150248.0 010 $a9783428573844 010 $a3428573846 035 $a(CKB)5690000000011531 035 $a(MiAaPQ)EBC7101319 035 $a(Au-PeEL)EBL7101319 035 $a(OCoLC)1347024882 035 $a(Exl-AI)7101319 035 $a(EXLCZ)995690000000011531 100 $a20221219d2022 uy 0 101 0 $ager 135 $aurcnu|||||||| 181 $ctxt$2rdacontent 182 $cc$2rdamedia 183 $acr$2rdacarrier 200 10$aGemeindebetriebe $eNeuere Versuche und Erfahrungen über Die Ausdehnung der Kommunalen Tätigkeit in Deutschland und Im Ausland. Erster Band. (Schriften des Vereins Für Socialpolitik 128) 205 $a1st ed. 210 1$aBerlin :$cDuncker & Humblot,$d2022. 210 4$d©1908. 215 $a1 online resource (453 pages) 225 1 $aDuncker & Humblot reprints 311 08$a9783428173846 311 08$a3428173848 327 $aInhaltsverzeichnis -- Vorwort. Von Professor Dr. Carl Joh. Fuchs in Tübingen -- Die Gemeindebctriebe in Deutschland. Allgemeine Darstellung von Privatdozent Dr. Paul Mombert, Freiburg i. Br. -- Vorbemerkung -- I. Umfang und Ausdehnung der Gemeindebetriebe im allgemeinen -- II. Die wichtigeren der gewerblichen Gemeindebetriebe im einzelnen -- a) Die Wasserversorgungsanstalten -- b) Die Gasanstalten -- c) Die Elektrizitätswerke -- d) Die Straßenbahnen -- e) Die Schlacht- und Viehhöfe -- III. Zusammenfassung -- Erneuerungsfonds bei gemeindlichen gewerblichen Betrieben. Von Oberbürgermeister Theodor Kutzer, Fürth i. B. -- Städtische Betriebe zur Lebensmittelversorgung. Von Professor Dr. Heinrich Silbergleit, Direktor des Statistischen Amtes der Stadt Berlin -- Vorbemerkung -- I. Städtische Einrichtungen für den Lebensmittelhandel -- a) Wochenmärkte -- b) Markthallen -- 1. Berlin -- 2. Die übrigen deutschen Städte -- a. Augsburg -- b. Braunschweig -- c. Chemnitz -- d. Cöln -- e. Crefeld -- f. Danzig -- g. Dresden -- h. Frankfurt a. M. -- i. Hannover -- k. Leipzig$7Generated by AI. 330 $aThis book, edited by Carl Johannes Fuchs, examines the expansion of municipal activities in Germany and abroad, as commissioned by the Verein für Socialpolitik. It includes contributions from various experts who discuss the development and management of municipal enterprises, covering a wide range of topics such as municipal utilities, slaughterhouses, markets, and public transportation. The book aims to analyze the benefits, challenges, and financial implications of municipal enterprises and explores different models of municipal ownership and operation. It is intended for policymakers, economists, and scholars interested in public administration and municipal governance.$7Generated by AI. 410 0$aDuncker & Humblot reprints 517 $aGemeindebetriebe 606 $aMunicipal services$7Generated by AI 606 $aPublic utilities$7Generated by AI 615 0$aMunicipal services 615 0$aPublic utilities 700 $aFuchs$b Carl Johannes$0148514 801 0$bMiAaPQ 801 1$bMiAaPQ 801 2$bMiAaPQ 906 $aBOOK 912 $a9910888073603321 996 $aGemeindebetriebe$94241367 997 $aUNINA